00322nam a2200133Ia 4500008004100000020001500041041001200056082001600068100001400084245003200098260003700130300000700167650001400174221030s9999 xx 000 0 und d a8125909524 aEnglish a105.23bSax aS. Saxena 0aMS Office 2000 for Everyone bVikas Pub HouseaNew Delhic2003 a49 aComputers